000 00530nam a2200193Ia 4500
005 20250508160639.0
008 008 250505s9999 xx 000 0 eng d
037 _aTextual
040 _aFEDL
_beng
_cFEDL
041 _aeng
_2eng
084 _a155.4, RAT
_qFEDL
100 _aRatcliffe T.A.
_9769016
245 0 _aChild and reality
260 _aLondon, UK
_bGeorge Allen and Unwin Limited
_c1970
300 _a141p.
650 _aChild Psychology
942 _cTEXL
_h155.4, RAT
999 _c1365811
_d1365811